| 000 | 00590nam a2200157 a 4500 | ||
|---|---|---|---|
| 001 | 000036811 | ||
| 005 | 20200930075942.0 | ||
| 008 | 120201d2011 dr ac 000 0 spa d | ||
| 020 | _a9789945164572 | ||
| 040 |
_aDO-SdBNP _bspa _cBNPHU |
||
| 100 | 1 |
_aVidal Jovine, Margarita _963153 |
|
| 245 | 1 | 3 |
_aLa cofradía a Radhamées Trujillo y a Micky Azar que ya no están con nosotros / _cMargarita Vidal Jovine: prólogo Fredy Reyes. |
| 260 |
_aSanto Domingo : _bEditora Búho, _c2011. |
||
| 300 |
_a119 p. : _bil., retrs. ; _c22 cm. |
||
| 500 | _aIncluye datos biográficos de la autora en la solapa | ||
| 999 |
_c36302 _d36302 |
||